Моята изповед (Запис номер 162642)
[ съкратено ]
| 000 -Лидер | |
|---|---|
| Контролно поле с фиксирана дължина | nam a22 a 4500 |
| 003 - Код на организацията, давaща контролен номер | |
| Контролно поле | BLK |
| 005 - Дата и час на последна редакция | |
| Контролно поле | 20230306165829.0 |
| 008 - Елементи от данни с фиксирана дължина | |
| fixed length control field | 180410b bul|||||r ||||||| ||bul|| |
| 010 ## - Наследен системен номер | |
| LC control number | KNG00170021000 |
| 040 ## - Източник на каталожния запис | |
| Идентификатор на билиотеката - собственик на записа | BLK |
| 041 ## - Код за език | |
| Код за езика на текст/звукозапис или на отделно заглавие | Български |
| Код за езика КДБФ | Български |
| 080 ## - УДК | |
| Текстов определител УДК | Балет. Изпълнители, актьори |
| УДК код - определител по УДК | 792.8.071.2 |
| УДК определител | (73)(092) |
| УДК - код + определител | 792.8.071.2(73)(092) |
| 080 ## - УДК | |
| Текстов определител УДК | Американска литература (на САЩ) |
| УДК код - определител по УДК | 821.111(73) |
| УДК определител | -94 |
| УДК - код + определител | 821.111(73)-94 |
| 080 ## - УДК | |
| Текстов определител УДК | Американска танцьорка |
| УДК код - определител по УДК | 929 Дънкан, Айседора |
| УДК - код + определител | 929 Дънкан, Айседора |
| 100 1# - Редна дума - Автор | |
| Автор | Дънкан, Айседора |
| Авторска отговорност | първи автор |
| R(LIN) | 381868 |
| 139 ## - Редно поле | |
| Редна дума | Дънкан, Айседора |
| Авторски знак | Дъ - Д 95 |
| 245 10 - Сведения за заглавието | |
| Заглавие | Моята изповед |
| Подзаглавни данни | Автобиогр. |
| Редно поле (дума) | Айседора Дънкан; прев. от фр. Боян Дановски. |
| 250 ## - Област на изданието | |
| Сведения за изданието | 2. изд. |
| 257 ## - Страна на издаване | |
| Страна на създаване/издаване | Съединени американски щати |
| 260 ## - Област на издателските данни | |
| Място на издаване, разпространение и проч. | Пловдив |
| Име на издателя, разпространителя и проч. | Христо Г. Данов |
| Година на издаване | 1992 |
| 300 ## - Физическа характеристика | |
| Страници | 247 с. |
| Размери/Мащаб | 21 см |
| 380 ## - Жанр | |
| Жанр | Изкуство |
| 490 ## - СЕРИИ (Колекции) | |
| Име на серия | Дама пика |
| №: серия | 1 |
| 9 (RLIN) | 207757 |
| 500 ## - Общи забележки | |
| Забележка | Прев. от фр. изд. - Ориг. загл. на англ. - 1. изд. 1947 на изд. Хр. Чолчев в Най-хубавите кн. - Сер. 1, кн. 5. |
| 600 14 - Име на лице, използвано като предмет | |
| За него / За нея | Дънкан, Айседора |
| 9 (RLIN) | 381868 |
| 650 #4 - Допълнително описание по предмет – тема | |
| Основно описание – тема или топоним | Балет, американски |
| 9 (RLIN) | 335710 |
| 650 #4 - Допълнително описание по предмет – тема | |
| Основно описание – тема или топоним | Балетисти, американски |
| 9 (RLIN) | 260742 |
| 651 #4 - Допълнително описание по предмет - топоним | |
| Географско понятие | САЩ |
| 9 (RLIN) | 179493 |
| 653 ## - Ключова дума – ненормативна | |
| Ключова дума | балет |
| 653 ## - Ключова дума – ненормативна | |
| Ключова дума | балетисти |
| 653 ## - Ключова дума – ненормативна | |
| Ключова дума | Айседора Дънкан |
| 653 ## - Ключова дума – ненормативна | |
| Ключова дума | автобиографии |
| 700 1# - Други автори (авторска отговорност) | |
| Лично име | Дановски, Боян |
| Автороска отговорност (Описва отношението между автора и произведението) | прев. от фр. |
| 9 (RLIN) | 381117 |
| 852 ## - Местоположение | |
| Форматна сигнатура | Цб 170082 |
| Фондова буква | Хранилище |
| 856 4# - Електронен адрес и достъп | |
| Електронен формат | pdf - файл |
| Инструкция (цена за достъп) | 0.00 |
| Права за достъп | disable |
| 856 4# - Електронен адрес и достъп | |
| Електронен формат | pdf - файл |
| Инструкция (цена за достъп) | 0.00 |
| Права за достъп | disable |
| 999 ## - СИСТЕМНИ КОНТРОЛНИ НОМЕРА | |
| Koha biblionumber | 162642 |
| Koha biblioitemnumber | 162642 |
| 942 ## - АРТИКУЛИ | |
| Вид на библиотечния материал | Книги |
| Скрит в OPAC | Не |
| Koha issues (borrowed), all copies | 1 |
| Периодичен библиозапис | Да |
| 944 ## - СЪЗДАВАНЕ И РЕДАКЦИЯ на ЗАПИСА | |
| Създаване/Редакция | Създаване |
| Дата на регистрацията/редакция | 23.01.2015 |
| Статус, дата на статуса | 23.01.2015 - от С1,Р / 23.01.2015 |
| Служител, извършил регистрацията/редакцията | Камелия_Данева |
| 944 ## - СЪЗДАВАНЕ И РЕДАКЦИЯ на ЗАПИСА | |
| Създаване/Редакция | Редакция |
| Дата на регистрацията/редакция | 23.01.2015 |
| Статус, дата на статуса | 23.01.2015 - от С1,Р / 23.01.2015 |
| 999 ## - СИСТЕМНИ КОНТРОЛНИ НОМЕРА | |
| Koha biblioitemnumber | 162642 |
| Код за отписване | Код за изгубен артикул | Източник на класификационната схема | Код за повреда | Коз за рестрикции | Код за отдаване | Артикулен № | Име на библиотеката - собственик | Име на библиотеката, в която се намира в момента | Статус (Текущо местоположение) | Дата на вписване в системата | Местоположение - отдел | Цена в лева | Инвентарен номер | Систематично азбучна сигнатура | Баркод | Номер на екземпляра | Цена в евро | Служебна бележка | Служебен тип на артикула |
|---|---|---|---|---|---|---|---|---|---|---|---|---|---|---|---|---|---|---|---|
| Изтеглен | Не е изгубен | Universal Decimal Classification | Не е повреден | без рестрикции | заемане за дома | 271537 | Регионална библиотека "Любен Каравелов" Русе | Регионална библиотека "Любен Каравелов" Русе | Отдел Изкуство - подръчен фонд | 1992-01-01 | Отдел Изкуство - подръчен фонд | 14.50 | 571238 | 792.8(092)/Д 95 | 571238 | 1 | 7.41 | Дост: Pk Вид: Ф N: стар фонд Дата: 01.01.1992 Дата инв: 05.04.2017 Бележки инв: ИП2017 | Книги |
| Не е изгубен | Universal Decimal Classification | Не е повреден | без рестрикции | заемане за дома | 271538 | Регионална библиотека "Любен Каравелов" Русе | Регионална библиотека "Любен Каравелов" Русе | Отдел Изкуство - подръчен фонд | 1992-01-01 | Отдел Изкуство - подръчен фонд | 14.50 | 571240 | 792.8(092)/Д 95 | 120000571240 | 2 | 7.41 | Дост: Pk Вид: Ф N: стар фонд Дата: 01.01.1992 Дата инв: 05.04.2017 Бележки инв: ИП2017 | Книги | |
| Не е изгубен | Universal Decimal Classification | Не е повреден | само за читалня | ползва се в читалня | 271539 | Регионална библиотека "Любен Каравелов" Русе | Регионална библиотека "Любен Каравелов" Русе | Хранилище | 1992-01-01 | Хранилище | 14.50 | 569615 | Цб 170082 | 120000569615 | 3 | 7.41 | Дост: Dp Вид: Д N: стар фонд Дата: 01.01.1992 | Книги |